Top 20 biggest cities in Bavaria - Statistics

General Stats
  • This quiz has been taken 35 times
  • The average score is 13 of 20
Answer Stats
Answer Population % Correct
Munich/Munchen 1,487,708
100%
Nuremberg/Nurnberg 510,632
97%
Augsburg 296,478
91%
Ingolstadt 138,016
85%
Regensburg 153,542
82%
Wurzburg 126,933
79%
Furth 129,122
76%
Passau 53,093
76%
Bamberg 77,749
74%
Bayreuth 73,909
68%
Erlangen 113,292
59%
Rosenheim 63,508
59%
Landshut 73,150
50%
Kempten/Allgäu 69,053
47%
Neu-Ulm 59,814
47%
Aschaffenburg 71,381
44%
Dachau 47,738
38%
Schweinfurt 53,585
35%
Straubing 47,854
29%
Freising 48,582
26%
No matching quizzes found
Score Distribution
Percent of People with Each Score
Percentile by Number Answered
Your Score History
You have not taken this quiz